00574 2200217 4500001002100000005001500021035002000036245007700056100001800133260003300151020002200184008004100206082001000247084001600257650001500273650001100288650001200299990001500311990001500326990001500341INLIS00000000000011620251120075143 a0010-11250001161 aCliffsQuickReview Matematika Dasar dan Pra-Aljabar /cJerry Bobrow, Ph.D1 aBobrow, Jerry aBandung :bPakar Raya,c2004 a978-979-534-710-1251120 g 0 ind  a512.9 a512.9 BOB c aMatematika aMatdas aAljabar a0076/TP/15 a0076/TP/15 a0076/TP/15